| 000 | 00512nam a2200181 i 4500 | ||
|---|---|---|---|
| 001 | 92052 | ||
| 003 | ES-MaACL | ||
| 005 | 20230906180904.0 | ||
| 007 | t| | ||
| 008 | 050329q19001999sp ||||1| spa d | ||
| 080 | _a809.27-3=40 | ||
| 100 | 1 |
_aElias, Mitri. _946968 |
|
| 245 | 1 | 0 |
_aDictionnaire de poche arabe-français / _cpar Mitri Elias. |
| 260 |
_a[S.l. : _bs.n., _c19-?] |
||
| 300 |
_a1 v. ; _c13 cm. |
||
| 650 | 1 | 4 |
_aLengua árabe- _vDiccionarios- _xFrancés. _914092 |
| 852 |
_aES-MaACL _jE-10887 _bR.135725 |
||
| 999 |
_c92052 _d92052 |
||